[Event "Bagnara Calabra op-B"]
[Site "Bagnara Calabra"]
[Date "2009.01.06"]
[Round "7"]
[White "Carbone, Stefano"]
[Black "Ielapi, Gianbattista"]
[Result "1-0"]
[WhiteElo "1665"]
[BlackElo "1752"]
[PlyCount "104"]
[EventDate "2009.01.02"]
[EventType "swiss"]
[EventRounds "7"]
[EventCountry "ITA"]
[SourceTitle "CBM 128 Extra"]
[Source "ChessBase"]
[SourceDate "2009.03.05"]
[SourceVersion "2"]
[SourceVersionDate "2009.03.25"]
[SourceQuality "1"]

1. e4 e5 2. Nf3 Nc6 3. Bb5 a6 4. Ba4 Nf6 5. 0-0 b5 6. Bb3 Be7 7. Re1 d6 8. h3 0-0 9. c3 Na5 10. Bc2 Bb7 11. d4 Nc6 12. Nbd2 Nd7 13. Nf1 g6 14. Ng3 Bf6 15. Bd3 Na5 16. d5 Nc4 17. Bf1 Bg7 18. b3 Ncb6 19. Be3 h6 20. Qd2 Kh7 21. Bd3 Nc5 22. Bxc5 dxc5 23. c4 b4 24. a4 Qd6 25. Red1 Bc8 26. Qc2 Bd7 27. Nh2 Nc8 28. Nhf1 Ne7 29. Ne3 f6 30. f3 Rf7 31. Rf1 Raf8 32. Qe2 f5 33. Nc2 f4 34. Nh1 Ng8 35. Ra2 Nf6 36. Ne1 g5 37. Bc2 Rg8 38. Nd3 Bf8 39. Kf2 Be7 40. Ke1 Kg7 41. Kd1 Kf8 42. Kc1 Rfg7 43. Nhf2 h5 44. Nd1 g4 45. Nxf4 gxh3 46. gxh3 Nxe4 47. Ne6+ Bxe6 48. fxe4+ Ke8 49. dxe6 Bg5+ 50. Ne3 Qxe6 51. Qxh5+ Qg6 52. Qxg6+ Rxg6 1-0

[Event "Cutro op-B 14th"]
[Site "Cutro"]
[Date "2008.04.28"]
[Round "4"]
[White "Ielapi, Gianbattista"]
[Black "Todic, Simo"]
[Result "0-1"]
[WhiteElo "1602"]
[BlackElo "1748"]
[PlyCount "68"]
[EventDate "2008.04.25"]
[EventType "swiss"]
[EventRounds "7"]
[EventCountry "ITA"]
[SourceTitle "EXT 2009"]
[Source "ChessBase"]
[SourceDate "2008.11.26"]
[SourceVersion "1"]
[SourceVersionDate "2008.11.26"]
[SourceQuality "1"]

1. d4 e6 2. Nf3 d5 3. e3 c5 4. c3 Nc6 5. Nbd2 Nf6 6. Bd3 Bd6 7. 0-0 0-0 8. dxc5 Bxc5 9. e4 Qc7 10. Re1 e5 11. exd5 Nxd5 12. Bxh7+ Kxh7 13. Ng5+ Kg8 14. Nde4 Nxc3 15. Qh5 Bf5 16. Nxc5 Nb5 17. Re3 Qd6 18. Nce6 Bg6 19. Qg4 fxe6 20. Rh3 Rf6 21. Be3 Qb4 22. Qe2 Nbd4 23. Bxd4 exd4 24. Rb3 Qe7 25. Ne4 Bxe4 26. Qxe4 Rh6 27. Re1 Rd8 28. g3 Rd7 29. f4 Qf7 30. g4 Qg6 31. Qxg6 Rxg6 32. g5 e5 33. fxe5 Rxg5+ 34. Kf2 Rxe5 0-1

[Event "Cutro op-B 12th"]
[Site "Cutro"]
[Date "2006.05.01"]
[Round "9"]
[White "Policastrese, Salvatore"]
[Black "Ielapi, Gianbattista"]
[Result "0-1"]
[WhiteElo "1440"]
[BlackElo "1629"]
[PlyCount "64"]
[EventDate "2006.04.23"]
[EventType "swiss"]
[EventRounds "9"]
[EventCountry "ITA"]
[SourceTitle "EXT 2007"]
[Source "ChessBase"]
[SourceDate "2006.11.23"]
[SourceVersion "1"]
[SourceVersionDate "2006.11.23"]
[SourceQuality "1"]

1. e4 c5 2. Nf3 d6 3. d4 cxd4 4. Nxd4 Nf6 5. Nc3 g6 6. Bg5 Bg7 7. Qd2 0-0 8. 0-0-0 Nc6 9. Nf3 Qb6 10. Bd3 Nb4 11. Bh6 Nxd3+ 12. cxd3 Bxh6 13. Qxh6 Ng4 14. Qf4 Nxf2 15. Rhf1 Nxd1 16. Rxd1 Bd7 17. Kb1 e6 18. Qh6 f6 19. h4 Rf7 20. g4 Qf2 21. Nd4 Qxd4 22. Kc2 Rc8 23. Rf1 Qe5 24. g5 Ba4+ 25. Kb1 Rxc3 26. bxc3 Qxc3 27. Rc1 Qxd3+ 28. Ka1 Qd4+ 29. Kb1 Bc6 30. a3 fxg5 31. Qxg5 Bxe4+ 32. Ka2 Rf2+ 0-1

[Event "Cutro op-B 11th"]
[Site "Cutro"]
[Date "2005.04.27"]
[Round "4"]
[White "Ielapi, Gianbattista"]
[Black "Policastrese, Salvatore"]
[Result "1-0"]
[WhiteElo "1536"]
[BlackElo "1401"]
[PlyCount "79"]
[EventDate "2005.04.23"]
[EventType "swiss"]
[EventRounds "5"]
[EventCountry "ITA"]
[SourceTitle "CBM 106 Extra"]
[Source "ChessBase"]
[SourceDate "2005.07.01"]
[SourceVersion "1"]
[SourceVersionDate "2005.07.01"]
[SourceQuality "1"]

1. c4 e5 2. Nc3 Nf6 3. d3 Bc5 4. h3 Nc6 5. Nf3 d6 6. e4 Nd4 7. Nxd4 Bxd4 8. Be2 h6 9. 0-0 0-0 10. Kh1 Re8 11. f4 c6 12. Bd2 d5 13. Qc2 b6 14. Bf3 Qd6 15. exd5 Bxc3 16. Qxc3 cxd5 17. fxe5 Qxe5 18. Qxe5 Rxe5 19. Rae1 Rxe1 20. Rxe1 Bb7 21. Re7 Ba6 22. Bc3 Nh7 23. Rxf7 Kxf7 24. Bxd5+ Kf8 25. Bxa8 Ng5 26. Kg1 Nf7 27. Kf2 g6 28. h4 Ke8 29. Be4 Nd6 30. Bxg6+ Kd7 31. g4 b5 32. b3 bxc4 33. dxc4 Ke6 34. g5 hxg5 35. hxg5 Bb7 36. Ke3 Nf5+ 37. Kf4 Nh4 38. Bh5 Ng2+ 39. Kg3 Be4 40. g6 1-0